[Event "DVM U16 2021"]
[Site "Kiel GER"]
[Date "2022.07.23"]
[Round "2"]
[White "Abou Wally, Adrian"]
[Black "Hecht, Jonas Christian"]
[Result "0-1"]
[Termination "normal"]
[Board "9.1"]
[WhiteElo "1624"]
[BlackElo "1889"]
[WhiteClock "00:07:05"]
[BlackClock "00:48:14"]
[WhiteTeam "SV Schott Jena"]
[BlackTeam "SC Brombach e.V."]
[PlyCount "52"]
[WhiteFideId "16245113"]
[BlackFideId "16214846"]
[EventCountry "GER"]
[EventRounds "7"]
[EventType "team-swiss"]
[EventDate "2022.07.22"]

1. e4 {[%clk 01:30:58]} {[%emt 00:00:02]} c5 {[%clk 01:30:51]} {[%emt
00:00:09]} 2. Nc3 {[%clk 01:31:23]} {[%emt 00:00:04]} Nc6 {[%clk 01:31:07]}
{[%emt 00:00:14]} 3. Bb5 {[%clk 01:31:48]} {[%emt 00:00:05]} Nd4 {[%clk
01:31:19]} {[%emt 00:00:18]} 4. a4 {[%clk 01:32:12]} {[%emt 00:00:07]} g6
{[%emt 00:01:22]} 5. Nge2 {[%clk 01:32:26]} Bg7 {[%clk 01:30:57]} {[%emt
00:00:15]} 6. d3 {[%clk 01:31:23]} {[%emt 00:01:34]} e6 {[%clk 01:29:21]}
{[%emt 00:02:05]} 7. O-O {[%clk 01:29:10]} {[%emt 00:02:43]} Ne7 {[%clk
01:28:08]} {[%emt 00:01:43]} 8. f4 {[%clk 01:21:25]} {[%emt 00:08:15]} O-O
{[%clk 01:27:46]} {[%emt 00:00:52]} 9. Bc4 {[%clk 01:18:42]} {[%emt 00:03:14]}
d6 {[%clk 01:26:58]} {[%emt 00:01:18]} 10. Ng3 {[%clk 00:56:00]} {[%emt
00:23:12]} Bd7 {[%clk 01:24:44]} {[%emt 00:02:44]} 11. Kh1 {[%clk 00:41:59]}
{[%emt 00:14:30]} a6 {[%clk 01:23:01]} {[%emt 00:02:13]} 12. Be3 {[%clk
00:40:50]} {[%emt 00:01:39]} Qc7 {[%clk 01:19:16]} {[%emt 00:04:16]} 13. Qd2
{[%clk 00:39:36]} {[%emt 00:01:43]} Rab8 {[%clk 01:17:30]} {[%emt 00:02:16]}
14. a5 {[%emt 00:05:41]} Ndc6 {[%clk 01:12:37]} {[%emt 00:05:19]} 15. Nd1
{[%clk 00:32:48]} {[%emt 00:02:11]} Kh8 {[%clk 01:10:08]} {[%emt 00:02:59]} 16.
Ne2 {[%clk 00:30:33]} {[%emt 00:02:45]} f5 {[%clk 01:06:21]} {[%emt 00:04:17]}
17. Bb3 {[%clk 00:28:52]} {[%emt 00:02:12]} Rbc8 {[%clk 00:59:55]} {[%emt
00:06:56]} 18. d4 {[%clk 00:26:26]} {[%emt 00:02:56]} fxe4 {[%clk 00:58:27]}
{[%emt 00:01:57]} 19. dxc5 {[%clk 00:25:59]} {[%emt 00:00:57]} d5 {[%clk
00:58:33]} {[%emt 00:00:24]} 20. c4 {[%clk 00:24:33]} {[%emt 00:01:57]} Rcd8
{[%clk 00:53:50]} {[%emt 00:05:13]} 21. cxd5 {[%clk 00:18:23]} {[%emt
00:06:40]} exd5 {[%clk 00:53:43]} {[%emt 00:00:37]} 22. Nd4 {[%clk 00:17:15]}
{[%emt 00:01:38]} Nf5 {[%clk 00:52:03]} {[%emt 00:02:09]} 23. Nxf5 {[%clk
00:15:15]} {[%emt 00:02:30]} Bxf5 {[%clk 00:52:25]} {[%emt 00:00:08]} 24. Nc3
{[%clk 00:07:26]} {[%emt 00:08:19]} d4 {[%clk 00:51:27]} {[%emt 00:01:27]} 25.
Nd5 {[%clk 00:07:45]} {[%emt 00:00:12]} dxe3 {[%clk 00:51:28]} {[%emt
00:00:29]} 26. Qxe3 {[%clk 00:07:05]} {[%emt 00:01:11]} Qf7 {[%clk 00:48:14]}
{[%emt 00:03:43]} 0-1

[Event "DVM U16 2021"]
[Site "Kiel GER"]
[Date "2022.07.23"]
[Round "2"]
[White "Wehrle, Maximilian"]
[Black "Eichhorn, Mathilda"]
[Result "1-0"]
[Termination "normal"]
[Board "9.2"]
[WhiteElo "1739"]
[BlackElo "1327"]
[WhiteClock "00:45:00"]
[BlackClock "00:01:20"]
[WhiteTeam "SC Brombach e.V."]
[BlackTeam "SV Schott Jena"]
[PlyCount "77"]
[WhiteFideId "65600347"]
[BlackFideId "16242289"]
[EventCountry "GER"]
[EventRounds "7"]
[EventType "team-swiss"]
[EventDate "2022.07.22"]

1. d4 {[%clk 01:30:56]} {[%emt 00:00:03]} e6 {[%clk 01:30:53]} {[%emt
00:00:07]} 2. c4 {[%clk 01:31:15]} {[%emt 00:00:11]} Nf6 {[%clk 01:31:07]}
{[%emt 00:00:16]} 3. g3 {[%clk 01:31:04]} {[%emt 00:00:42]} d5 {[%clk
01:31:10]} {[%emt 00:00:27]} 4. Bg2 {[%clk 01:31:15]} {[%emt 00:00:19]} Be7
{[%clk 01:31:21]} {[%emt 00:00:19]} 5. Nf3 {[%clk 01:31:32]} {[%emt 00:00:14]}
O-O {[%clk 01:31:16]} {[%emt 00:00:34]} 6. Nc3 {[%clk 01:31:40]} {[%emt
00:00:21]} dxc4 {[%clk 01:31:06]} {[%emt 00:00:40]} 7. Ne5 {[%clk 01:31:47]}
{[%emt 00:00:24]} Nbd7 {[%clk 01:19:52]} {[%emt 00:11:43]} 8. Nxc4 {[%clk
01:29:38]} {[%emt 00:02:39]} Nb6 {[%clk 01:09:16]} {[%emt 00:11:07]} 9. b3
{[%clk 01:24:34]} {[%emt 00:05:34]} Nbd5 {[%clk 01:02:58]} {[%emt 00:06:47]}
10. Nxd5 {[%clk 01:23:00]} {[%emt 00:02:04]} exd5 {[%clk 01:00:14]} {[%emt
00:03:14]} 11. Ne5 {[%clk 01:22:30]} {[%emt 00:01:00]} c6 {[%clk 00:59:41]}
{[%emt 00:01:03]} 12. O-O {[%clk 01:21:57]} {[%emt 00:01:04]} Bf5 {[%clk
00:57:45]} {[%emt 00:02:25]} 13. Bb2 {[%clk 01:19:52]} {[%emt 00:02:35]} Qc8
{[%clk 00:57:10]} {[%emt 00:01:05]} 14. Rc1 {[%clk 01:16:36]} {[%emt 00:03:47]}
Bh3 {[%clk 00:53:04]} {[%emt 00:04:36]} 15. Re1 {[%clk 01:15:58]} {[%emt
00:01:07]} Bxg2 {[%clk 00:52:59]} {[%emt 00:00:35]} 16. Kxg2 {[%clk 01:16:23]}
{[%emt 00:00:05]} Re8 {[%clk 00:48:19]} {[%emt 00:05:10]} 17. f3 {[%clk
01:13:54]} {[%emt 00:02:59]} Bd6 {[%clk 00:45:22]} {[%emt 00:03:27]} 18. Qd3
{[%clk 01:12:38]} {[%emt 00:01:46]} Nd7 {[%clk 00:36:41]} {[%emt 00:09:11]} 19.
Nxd7 {[%clk 01:05:41]} {[%emt 00:07:27]} Qxd7 {[%clk 00:37:01]} {[%emt
00:00:11]} 20. e4 {[%clk 01:05:28]} {[%emt 00:00:42]} dxe4 {[%clk 00:36:31]}
{[%emt 00:01:00]} 21. fxe4 {[%clk 01:02:58]} {[%emt 00:03:01]} Rad8 {[%clk
00:30:24]} {[%emt 00:06:36]} 22. Qf3 {[%clk 00:58:41]} {[%emt 00:04:47]} Re6
{[%clk 00:18:14]} {[%emt 00:12:39]} 23. e5 {[%clk 00:55:19]} {[%emt 00:03:53]}
Bc7 {[%clk 00:17:47]} {[%emt 00:00:57]} 24. Re4 {[%clk 00:51:55]} {[%emt
00:03:54]} f6 {[%clk 00:11:50]} {[%emt 00:06:27]} 25. exf6 {[%clk 00:50:57]}
{[%emt 00:01:27]} Rxf6 {[%clk 00:11:00]} {[%emt 00:01:21]} 26. Qe3 {[%clk
00:50:00]} {[%emt 00:01:27]} Bb6 {[%clk 00:10:36]} {[%emt 00:00:55]} 27. Re1
{[%clk 00:45:35]} {[%emt 00:04:55]} Qd5 {[%clk 00:09:43]} {[%emt 00:01:22]} 28.
Kg1 {[%clk 00:45:31]} {[%emt 00:00:34]} Rff8 {[%clk 00:08:13]} {[%emt
00:02:00]} 29. Re7 {[%clk 00:41:32]} {[%emt 00:04:29]} Bxd4 {[%clk 00:03:29]}
{[%emt 00:05:13]} 30. Bxd4 {[%clk 00:41:46]} {[%emt 00:00:16]} Qxd4 {[%clk
00:03:53]} {[%emt 00:00:06]} 31. Qxd4 {[%clk 00:42:06]} {[%emt 00:00:11]} Rxd4
{[%clk 00:04:19]} {[%emt 00:00:04]} 32. Rxb7 {[%clk 00:42:31]} {[%emt
00:00:04]} Rf7 {[%clk 00:01:57]} {[%emt 00:02:52]} 33. Re8+ {[%clk 00:42:56]}
{[%emt 00:00:06]} Rf8 {[%clk 00:02:16]} {[%emt 00:00:11]} 34. Ree7 {[%clk
00:43:19]} {[%emt 00:00:07]} Rfd8 {[%clk 00:00:45]} {[%emt 00:02:00]} 35. Rxg7+
{[%clk 00:43:38]} {[%emt 00:00:12]} Kf8 {[%clk 00:01:04]} {[%emt 00:00:11]} 36.
Rxh7 {[%clk 00:44:01]} {[%emt 00:00:07]} Rd1+ {[%clk 00:01:25]} {[%emt
00:00:09]} 37. Kg2 {[%clk 00:44:23]} {[%emt 00:00:09]} R1d2+ {[%clk 00:01:10]}
{[%emt 00:00:44]} 38. Kh3 {[%clk 00:44:43]} {[%emt 00:00:10]} Kg8 {[%clk
00:01:20]} {[%emt 00:00:20]} 39. Rxa7 {[%clk 00:45:00]} {[%emt 00:00:13]} 1-0

[Event "DVM U16 2021"]
[Site "Kiel GER"]
[Date "2022.07.23"]
[Round "2"]
[White "Junge, Mattheo Gabriel"]
[Black "Weiß, David"]
[Result "0-1"]
[Termination "normal"]
[Board "9.3"]
[WhiteElo "1146"]
[BlackElo "1759"]
[WhiteClock "00:37:25"]
[BlackClock "00:21:19"]
[WhiteTeam "SV Schott Jena"]
[BlackTeam "SC Brombach e.V."]
[PlyCount "124"]
[WhiteFideId "34605908"]
[BlackFideId "34628428"]
[EventCountry "GER"]
[EventRounds "7"]
[EventType "team-swiss"]
[EventDate "2022.07.22"]

1. e4 {[%clk 01:30:44]} {[%emt 00:00:15]} c5 {[%clk 01:30:52]} {[%emt
00:00:08]} 2. Nc3 {[%clk 01:30:26]} {[%emt 00:00:48]} Nc6 {[%clk 01:31:14]}
{[%emt 00:00:08]} 3. Nge2 {[%clk 01:30:49]} {[%emt 00:00:07]} Nf6 {[%clk
01:31:19]} {[%emt 00:00:26]} 4. g3 {[%clk 01:30:44]} {[%emt 00:00:35]} d6
{[%clk 01:30:45]} {[%emt 00:01:03]} 5. Bg2 {[%clk 01:30:46]} {[%emt 00:00:28]}
g6 {[%clk 01:31:04]} {[%emt 00:00:12]} 6. O-O {[%clk 01:31:03]} {[%emt
00:00:13]} Bg7 {[%clk 01:31:28]} {[%emt 00:00:06]} 7. d3 {[%clk 01:31:10]}
{[%emt 00:00:22]} Rb8 {[%clk 01:31:46]} {[%emt 00:00:12]} 8. f4 {[%clk
01:30:46]} {[%emt 00:00:54]} O-O {[%clk 01:31:02]} {[%emt 00:01:14]} 9. h3
{[%clk 01:30:09]} {[%emt 00:01:07]} Nd4 {[%clk 01:30:06]} {[%emt 00:01:27]} 10.
Nxd4 {[%clk 01:30:00]} {[%emt 00:00:39]} cxd4 {[%clk 01:30:24]} {[%emt
00:00:12]} 11. Ne2 {[%clk 01:29:40]} {[%emt 00:00:49]} Nd7 {[%clk 01:26:06]}
{[%emt 00:04:48]} 12. g4 {[%clk 01:27:41]} {[%emt 00:02:30]} b5 {[%clk
01:25:27]} {[%emt 00:01:08]} 13. Ng3 {[%clk 01:25:59]} {[%emt 00:02:11]} a5
{[%clk 01:23:34]} {[%emt 00:02:24]} 14. f5 {[%clk 01:25:57]} {[%emt 00:00:31]}
Ba6 {[%clk 01:14:51]} {[%emt 00:09:14]} 15. Bf4 {[%clk 01:22:14]} {[%emt
00:04:12]} Be5 {[%clk 01:13:09]} {[%emt 00:02:14]} 16. Qd2 {[%clk 01:17:28]}
{[%emt 00:05:15]} Rc8 {[%clk 01:09:46]} {[%emt 00:03:54]} 17. Bxe5 {[%clk
01:14:47]} {[%emt 00:03:11]} Nxe5 {[%clk 01:09:56]} {[%emt 00:00:20]} 18. Ne2
{[%clk 01:13:04]} {[%emt 00:02:13]} Qb6 {[%clk 01:07:49]} {[%emt 00:02:37]} 19.
Nf4 {[%clk 01:12:22]} {[%emt 00:01:08]} Bb7 {[%clk 00:59:21]} {[%emt 00:09:01]}
20. g5 {[%clk 01:06:53]} {[%emt 00:05:58]} gxf5 {[%clk 00:58:30]} {[%emt
00:01:23]} 21. exf5 {[%clk 01:06:31]} {[%emt 00:00:52]} Bxg2 {[%clk 00:58:45]}
{[%emt 00:00:15]} 22. Qxg2 {[%clk 01:05:53]} {[%emt 00:01:07]} Kh8 {[%clk
00:57:30]} {[%emt 00:01:45]} 23. Nd5 {[%clk 01:02:01]} {[%emt 00:04:23]} Qc6
{[%clk 00:54:14]} {[%emt 00:03:45]} 24. Rf2 {[%clk 00:58:02]} {[%emt 00:04:30]}
e6 {[%clk 00:47:42]} {[%emt 00:07:02]} 25. Ne7 {[%clk 00:57:07]} {[%emt
00:01:25]} Qxg2+ {[%clk 00:47:54]} {[%emt 00:00:18]} 26. Kxg2 {[%clk 00:57:20]}
{[%emt 00:00:16]} Rc7 {[%clk 00:47:11]} {[%emt 00:01:12]} 27. f6 {[%clk
00:57:39]} {[%emt 00:00:12]} Nc6 {[%clk 00:44:45]} {[%emt 00:02:57]} 28. Nxc6
{[%clk 00:55:59]} {[%emt 00:02:08]} Rxc6 {[%clk 00:45:07]} {[%emt 00:00:10]}
29. Kg3 {[%clk 00:55:35]} {[%emt 00:00:54]} Rfc8 {[%clk 00:45:02]} {[%emt
00:00:34]} 30. Rc1 {[%clk 00:55:46]} {[%emt 00:00:19]} b4 {[%clk 00:43:50]}
{[%emt 00:01:43]} 31. b3 {[%clk 00:51:53]} {[%emt 00:04:22]} Rc3 {[%clk
00:43:15]} {[%emt 00:01:05]} 32. Rd2 {[%clk 00:52:07]} {[%emt 00:00:15]} a4
{[%clk 00:43:24]} {[%emt 00:00:23]} 33. bxa4 {[%clk 00:50:35]} {[%emt
00:02:02]} Ra3 {[%clk 00:42:46]} {[%emt 00:01:07]} 34. Rb1 {[%clk 00:48:42]}
{[%emt 00:02:24]} Rxa4 {[%clk 00:42:46]} {[%emt 00:00:30]} 35. Rb2 {[%clk
00:48:21]} {[%emt 00:00:50]} Rc5 {[%clk 00:40:35]} {[%emt 00:02:41]} 36. h4
{[%clk 00:47:37]} {[%emt 00:01:14]} h6 {[%clk 00:38:32]} {[%emt 00:02:32]} 37.
g6 {[%clk 00:42:02]} {[%emt 00:06:06]} fxg6 {[%clk 00:36:58]} {[%emt 00:02:03]}
38. a3 {[%clk 00:39:31]} {[%emt 00:03:02]} Kg8 {[%clk 00:33:17]} {[%emt
00:04:11]} 39. axb4 {[%clk 00:39:43]} {[%emt 00:00:18]} Rb5 {[%clk 00:33:09]}
{[%emt 00:00:38]} 40. h5 {[%clk 00:38:45]} {[%emt 00:01:28]} Rxh5 {[%clk
00:30:11]} {[%emt 00:03:28]} 41. b5 {[%clk 00:39:01]} {[%emt 00:00:14]} Ra5
{[%clk 00:29:26]} {[%emt 00:01:16]} 42. Rb4 {[%clk 00:37:43]} {[%emt 00:01:47]}
Raxb5 {[%clk 00:29:20]} {[%emt 00:00:36]} 43. Rxd4 {[%clk 00:37:36]} {[%emt
00:00:38]} Rbg5+ {[%clk 00:28:22]} {[%emt 00:01:27]} 44. Kf3 {[%clk 00:34:30]}
{[%emt 00:03:36]} Rh3+ {[%clk 00:27:55]} {[%emt 00:00:56]} 45. Kf2 {[%clk
00:32:50]} {[%emt 00:02:12]} Rh2+ {[%clk 00:27:58]} {[%emt 00:00:26]} 46. Ke3
{[%clk 00:32:53]} {[%emt 00:00:27]} Re5+ {[%clk 00:28:01]} {[%emt 00:00:26]}
47. Re4 {[%clk 00:33:00]} {[%emt 00:00:24]} Rxe4+ {[%clk 00:28:06]} {[%emt
00:00:25]} 48. dxe4 {[%clk 00:33:17]} {[%emt 00:00:14]} Rxd2 {[%clk 00:20:13]}
{[%emt 00:08:22]} 49. Kxd2 {[%clk 00:33:38]} {[%emt 00:00:07]} e5 {[%clk
00:17:03]} {[%emt 00:03:43]} 50. Kc3 {[%clk 00:33:34]} {[%emt 00:00:33]} Kf7
{[%clk 00:17:26]} {[%emt 00:00:07]} 51. Kc4 {[%clk 00:33:58]} {[%emt 00:00:06]}
Kxf6 {[%clk 00:17:50]} {[%emt 00:00:06]} 52. Kd5 {[%clk 00:34:18]} {[%emt
00:00:10]} Ke7 {[%clk 00:17:59]} {[%emt 00:00:21]} 53. c4 {[%clk 00:34:43]}
{[%emt 00:00:06]} h5 {[%clk 00:18:22]} {[%emt 00:00:06]} 54. c5 {[%clk
00:35:09]} {[%emt 00:00:04]} dxc5 {[%clk 00:18:47]} {[%emt 00:00:06]} 55. Kxe5
{[%clk 00:35:26]} {[%emt 00:00:13]} h4 {[%clk 00:18:59]} {[%emt 00:00:17]} 56.
Kf4 {[%clk 00:35:52]} {[%emt 00:00:05]} g5+ {[%clk 00:19:20]} {[%emt 00:00:09]}
57. Ke3 {[%clk 00:36:08]} {[%emt 00:00:13]} Ke6 {[%clk 00:19:42]} {[%emt
00:00:08]} 58. e5 {[%clk 00:36:31]} {[%emt 00:00:08]} Kxe5 {[%clk 00:20:06]}
{[%emt 00:00:06]} 59. Kf3 {[%clk 00:36:52]} {[%emt 00:00:09]} c4 {[%clk
00:20:29]} {[%emt 00:00:07]} 60. Ke3 {[%clk 00:37:13]} {[%emt 00:00:08]} h3
{[%clk 00:20:53]} {[%emt 00:00:06]} 61. Kf3 {[%clk 00:37:10]} {[%emt 00:00:33]}
c3 {[%clk 00:20:57]} {[%emt 00:00:27]} 62. Kg3 {[%clk 00:37:25]} {[%emt
00:00:15]} c2 {[%clk 00:21:19]} {[%emt 00:00:07]} 0-1

[Event "DVM U16 2021"]
[Site "Kiel GER"]
[Date "2022.07.23"]
[Round "2"]
[White "Wehrle, Valentin"]
[Black "Eichhorn, Josephine"]
[Result "1-0"]
[Termination "normal"]
[Board "9.4"]
[WhiteElo "1440"]
[BlackElo "1337"]
[WhiteClock "00:57:00"]
[BlackClock "00:17:40"]
[WhiteTeam "SC Brombach e.V."]
[BlackTeam "SV Schott Jena"]
[PlyCount "71"]
[WhiteFideId "65600355"]
[BlackFideId "16242254"]
[EventCountry "GER"]
[EventRounds "7"]
[EventType "team-swiss"]
[EventDate "2022.07.22"]

1. d4 {[%clk 01:30:53]} {[%emt 00:00:06]} d5 {[%clk 01:30:58]} {[%emt
00:00:02]} 2. c4 {[%clk 01:30:56]} {[%emt 00:00:27]} e6 {[%clk 01:31:09]}
{[%emt 00:00:20]} 3. Nf3 {[%clk 01:30:19]} {[%emt 00:01:07]} Nf6 {[%clk
01:30:56]} {[%emt 00:00:43]} 4. g3 {[%clk 01:30:13]} {[%emt 00:00:36]} Be7
{[%clk 01:31:05]} {[%emt 00:00:20]} 5. Bg2 {[%clk 01:30:09]} {[%emt 00:00:35]}
dxc4 {[%clk 01:31:09]} {[%emt 00:00:26]} 6. Ne5 {[%clk 01:29:07]} {[%emt
00:01:32]} O-O {[%clk 01:28:04]} {[%emt 00:03:34]} 7. Nc3 {[%clk 01:28:20]}
{[%emt 00:01:18]} c5 {[%clk 01:17:48]} {[%emt 00:10:46]} 8. Be3 {[%clk
01:25:35]} {[%emt 00:03:15]} cxd4 {[%clk 01:15:16]} {[%emt 00:03:01]} 9. Qxd4
{[%clk 01:23:56]} {[%emt 00:02:09]} Qc7 {[%clk 01:12:51]} {[%emt 00:02:55]} 10.
Nxc4 {[%clk 01:20:56]} {[%emt 00:03:30]} Rd8 {[%clk 01:12:43]} {[%emt
00:00:38]} 11. Nb5 {[%clk 01:17:48]} {[%emt 00:03:38]} Bb4+ {[%clk 01:08:52]}
{[%emt 00:04:22]} 12. Bd2 {[%clk 01:15:02]} {[%emt 00:03:15]} Bxd2+ {[%clk
01:08:43]} {[%emt 00:00:39]} 13. Qxd2 {[%clk 01:15:01]} {[%emt 00:00:31]} Qe7
{[%clk 01:06:38]} {[%emt 00:02:36]} 14. Qa5 {[%clk 01:10:37]} {[%emt 00:04:53]}
Nc6 {[%clk 01:03:30]} {[%emt 00:04:11]} 15. Qc3 {[%clk 01:08:07]} {[%emt
00:03:27]} Nd5 {[%clk 00:53:59]} {[%emt 00:10:01]} 16. Qa3 {[%clk 01:05:06]}
{[%emt 00:03:31]} Qd7 {[%clk 00:50:47]} {[%emt 00:03:43]} 17. O-O {[%clk
01:00:15]} {[%emt 00:05:21]} Ncb4 {[%clk 00:47:34]} {[%emt 00:03:42]} 18. Nd4
{[%clk 00:58:54]} {[%emt 00:01:50]} Qc7 {[%clk 00:43:07]} {[%emt 00:04:58]} 19.
Rac1 {[%clk 00:57:45]} {[%emt 00:01:40]} Qb8 {[%clk 00:40:41]} {[%emt
00:02:56]} 20. Rfd1 {[%clk 00:55:38]} {[%emt 00:02:36]} b6 {[%clk 00:33:38]}
{[%emt 00:08:03]} 21. Bxd5 {[%clk 00:53:53]} {[%emt 00:02:45]} exd5 {[%clk
00:29:11]} {[%emt 00:04:57]} 22. Qxb4 {[%clk 00:54:05]} {[%emt 00:00:18]} dxc4
{[%clk 00:29:06]} {[%emt 00:00:35]} 23. Nc6 {[%clk 00:54:07]} {[%emt 00:00:28]}
Rxd1+ {[%clk 00:18:46]} {[%emt 00:10:50]} 24. Rxd1 {[%clk 00:54:22]} {[%emt
00:00:16]} Bh3 {[%clk 00:18:36]} {[%emt 00:00:40]} 25. Nxb8 {[%clk 00:54:01]}
{[%emt 00:00:50]} Rxb8 {[%clk 00:18:55]} {[%emt 00:00:09]} 26. Qe7 {[%clk
00:53:58]} {[%emt 00:00:35]} h5 {[%clk 00:18:36]} {[%emt 00:00:49]} 27. Rd8+
{[%clk 00:54:19]} {[%emt 00:00:09]} Rxd8 {[%clk 00:18:44]} {[%emt 00:00:22]}
28. Qxd8+ {[%clk 00:54:42]} {[%emt 00:00:07]} Kh7 {[%clk 00:19:09]} {[%emt
00:00:05]} 29. Qc7 {[%clk 00:54:59]} {[%emt 00:00:13]} Kh6 {[%clk 00:19:12]}
{[%emt 00:00:27]} 30. Qxa7 {[%clk 00:55:18]} {[%emt 00:00:11]} b5 {[%clk
00:17:26]} {[%emt 00:02:16]} 31. Qb6+ {[%clk 00:55:39]} {[%emt 00:00:10]} Be6
{[%clk 00:17:44]} {[%emt 00:00:12]} 32. Qxb5 {[%clk 00:55:53]} {[%emt
00:00:15]} f5 {[%clk 00:17:12]} {[%emt 00:01:02]} 33. Qc6 {[%clk 00:56:06]}
{[%emt 00:00:17]} Kg5 {[%clk 00:17:22]} {[%emt 00:00:20]} 34. Qxe6 {[%emt
00:00:17]} g6 {[%clk 00:17:36]} {[%emt 00:00:13]} 35. f4+ {[%emt 00:00:23]} Kg4
{[%clk 00:17:40]} {[%emt 00:00:18]} 36. Qxg6+ {[%clk 00:57:00]} {[%emt
00:00:08]} 1-0

[Event "DVM U16 2021"]
[Site "Kiel GER"]
[Date "2022.07.23"]
[Round "2"]
[White "Lutz, Ruben"]
[Black "Fedgenhäuer, Paul"]
[Result "1-0"]
[Termination "normal"]
[Board "10.1"]
[WhiteElo "2109"]
[BlackElo "1354"]
[WhiteClock "00:12:07"]
[BlackClock "00:30:57"]
[WhiteTeam "USV TU Dresden"]
[BlackTeam "SV Grün-Weiß Niederwiesa"]
[PlyCount "69"]
[WhiteFideId "12975974"]
[BlackFideId "34628347"]
[EventCountry "GER"]
[EventRounds "7"]
[EventType "team-swiss"]
[EventDate "2022.07.22"]

1. d4 {[%clk 01:30:57]} {[%emt 00:00:03]} g6 {[%clk 01:30:52]} {[%emt
00:00:08]} 2. Nf3 {[%clk 01:31:07]} {[%emt 00:00:20]} f5 {[%clk 01:30:28]}
{[%emt 00:00:54]} 3. g3 {[%clk 01:30:40]} {[%emt 00:00:57]} Bg7 {[%clk
01:29:38]} {[%emt 00:01:20]} 4. Bg2 {[%clk 01:31:03]} {[%emt 00:00:08]} Nf6
{[%clk 01:28:52]} {[%emt 00:01:16]} 5. O-O {[%clk 01:31:22]} {[%emt 00:00:10]}
O-O {[%clk 01:27:07]} {[%emt 00:02:15]} 6. b3 {[%clk 01:30:48]} {[%emt
00:01:04]} d6 {[%clk 01:25:14]} {[%emt 00:02:23]} 7. Bb2 {[%clk 01:31:06]}
{[%emt 00:00:12]} Nc6 {[%clk 01:23:20]} {[%emt 00:02:24]} 8. d5 {[%clk
01:25:44]} {[%emt 00:05:52]} Nb8 {[%clk 01:22:13]} {[%emt 00:01:37]} 9. c4
{[%clk 01:25:27]} {[%emt 00:00:47]} c6 {[%clk 01:20:25]} {[%emt 00:02:19]} 10.
Nc3 {[%clk 01:22:34]} {[%emt 00:03:22]} cxd5 {[%clk 01:15:44]} {[%emt
00:05:11]} 11. cxd5 {[%clk 01:17:23]} {[%emt 00:05:41]} Nbd7 {[%clk 01:13:47]}
{[%emt 00:02:27]} 12. Rc1 {[%clk 01:12:28]} {[%emt 00:05:26]} Qa5 {[%clk
01:11:19]} {[%emt 00:02:57]} 13. Nd4 {[%clk 01:02:27]} {[%emt 00:10:32]} Nc5
{[%clk 01:06:44]} {[%emt 00:05:04]} 14. a3 {[%clk 00:52:07]} {[%emt 00:10:50]}
Qd8 {[%clk 01:02:26]} {[%emt 00:04:47]} 15. b4 {[%clk 00:49:58]} {[%emt
00:02:41]} Na6 {[%clk 00:57:54]} {[%emt 00:05:01]} 16. e3 {[%clk 00:32:37]}
{[%emt 00:17:52]} Nc7 {[%clk 00:51:41]} {[%emt 00:06:43]} 17. Qb3 {[%clk
00:29:26]} {[%emt 00:03:40]} Re8 {[%clk 00:50:45]} {[%emt 00:01:26]} 18. h4
{[%clk 00:27:13]} {[%emt 00:02:43]} Kh8 {[%clk 00:48:06]} {[%emt 00:03:10]} 19.
Nce2 {[%clk 00:26:10]} {[%emt 00:01:33]} e5 {[%clk 00:46:57]} {[%emt 00:01:39]}
20. dxe6 {[%clk 00:26:23]} {[%emt 00:00:16]} Nxe6 {[%clk 00:46:52]} {[%emt
00:00:34]} 21. Rfd1 {[%clk 00:24:58]} {[%emt 00:01:56]} Nxd4 {[%clk 00:44:48]}
{[%emt 00:02:34]} 22. Nxd4 {[%clk 00:25:16]} {[%emt 00:00:12]} Qe7 {[%clk
00:40:56]} {[%emt 00:04:21]} 23. Nb5 {[%clk 00:22:31]} {[%emt 00:03:16]} Be6
{[%clk 00:36:24]} {[%emt 00:05:02]} 24. Qd3 {[%clk 00:22:39]} {[%emt 00:00:23]}
Red8 {[%clk 00:34:07]} {[%emt 00:02:46]} 25. Rc7 {[%clk 00:21:24]} {[%emt
00:01:45]} Rd7 {[%clk 00:32:55]} {[%emt 00:01:42]} 26. Rxd7 {[%clk 00:15:45]}
{[%emt 00:06:08]} Qxd7 {[%clk 00:33:02]} {[%emt 00:00:24]} 27. Qxd6 {[%clk
00:13:39]} {[%emt 00:02:37]} Qxb5 {[%clk 00:32:49]} {[%emt 00:00:42]} 28. Bxf6
{[%clk 00:13:26]} {[%emt 00:00:42]} Bxf6 {[%clk 00:32:56]} {[%emt 00:00:24]}
29. Qxe6 {[%clk 00:13:51]} {[%emt 00:00:05]} Bg7 {[%clk 00:33:04]} {[%emt
00:00:22]} 30. Rd7 {[%clk 00:12:34]} {[%emt 00:01:47]} Rb8 {[%clk 00:30:44]}
{[%emt 00:02:49]} 31. Qe7 {[%clk 00:11:06]} {[%emt 00:01:58]} Qe5 {[%clk
00:29:53]} {[%emt 00:01:22]} 32. Rd8+ {[%clk 00:11:23]} {[%emt 00:00:13]} Rxd8
{[%clk 00:30:07]} {[%emt 00:00:16]} 33. Qxd8+ {[%clk 00:11:49]} {[%emt
00:00:04]} Qe8 {[%clk 00:30:29]} {[%emt 00:00:08]} 34. Qxe8+ {[%clk 00:12:13]}
{[%emt 00:00:06]} Bf8 {[%clk 00:30:57]} {[%emt 00:00:02]} 35. Qxf8# {[%clk
00:12:07]} {[%emt 00:00:06]} 1-0